000 00616nam a2200193Ia 4500
008 140626s9999 xx 000 0 und d
100 _aHoffner, Cynthia.
245 _aChildren's emotional reaction to a Scary Film :
_b The Role of Prior Outcome Information and Coping Style /
_c Cynthia.Hoffner
260 _cc1997.
300 _a23 : 3, page 323
440 _aHuman Communication Research
521 _aMC
650 _aChildren audience.
650 _aCommunication.
650 _aFacial expressions.
650 _aFrightening mass media presentations.
650 _aMedia-induced fear.
942 _cSE
999 _c121228
_d121228